[Event "Titled Tue 26th Aug Early"]
[Site "chess.com INT"]
[Date "2025.08.26"]
[Round "3"]
[White "Cupid, Kevin"]
[Black "Beznosov, Timofey"]
[Result "1-0"]
[WhiteTitle "FM"]
[BlackTitle "CM"]
[WhiteElo "2178"]
[BlackElo "2131"]
[WhiteFideId "7700512"]
[BlackFideId "34497951"]
[EventDate "2025.08.26"]

1. Nf3 Nf6 2. g3 b6 3. Bg2 Bb7 4. O-O e6 5. c4 c5 6. Nc3 a6 7. Qc2 Be7 8. d3 d6
9. a3 Nc6 10. Rb1 Rc8 11. b4 cxb4 12. axb4 b5 13. cxb5 axb5 14. Qb2 d5 15. Nxb5
Nxb4 16. Bd2 Nc6 17. Nd6+ Qxd6 18. Qxb7 O-O 19. Rbc1 Rc7 20. Qb2 Rb8 21. Qa1 Ra7
22. Qc3 Nb4 23. Bf4 Na2 24. Bxd6 Nxc3 25. Bxb8 Nxe2+ 26. Kh1 Ra8 27. Rc2 Rxb8
28. Rxe2 Rb3 29. Ne5 g6 30. Rc2 Bd6 31. d4 Bxe5 32. dxe5 Ng4 33. h3 Nxe5 34. Kh2
Kg7 35. Re1 Nd3 36. Ree2 d4 37. Rcd2 Rc3 38. Be4 Nc1 39. Re1 d3 40. Rdd1 Nb3 41.
Rxd3 Rc2 42. Rxb3 Rxf2+ 43. Bg2 Rf6 44. Rf1 Rxf1 45. Bxf1 e5 46. Bg2 Kf6 47. Rb7
Kf5 48. g4+ Kg5 49. Rxf7 h5 50. gxh5 gxh5 51. Be4 Kh4 52. Rf8 Kg5 53. Rf5+ Kh4
54. Rf8 Kg5 55. Kg3 h4+ 56. Kf3 Kh5 57. Bf5 Kg5 58. Ke4 Kh6 59. Kxe5 Kg5 60.
Rg8+ Kh5 61. Rg4 Kh6 62. Kf4 Kh5 63. Be4 Kh6 64. Rxh4+ Kg7 65. Rg4+ Kf6 66. Bf5
Kf7 67. h4 Kf6 68. h5 Ke7 69. h6 Kd6 70. h7 Kc5 71. h8=Q Kc4 72. Qh5 Kb3 73. Kg5
Kc3 74. Qh3+ Kb2 75. Rg2+ Ka1 76. Qh1# 1-0

[Event "Titled Tue 26th Aug Early"]
[Site "chess.com INT"]
[Date "2025.08.26"]
[Round "3"]
[White "Grischuk, Alexander"]
[Black "Munoz, Francisco Javier"]
[Result "1-0"]
[WhiteTitle "GM"]
[BlackTitle "FM"]
[WhiteElo "2667"]
[BlackElo "2389"]
[WhiteFideId "4126025"]
[BlackFideId "128368"]
[EventDate "2025.08.26"]

1. e4 e5 2. Nf3 Nc6 3. Bb5 a6 4. Ba4 Nge7 5. c3 g6 6. d4 exd4 7. cxd4 Bg7 8. d5
b5 9. Bc2 Nb4 10. Bb3 a5 11. a3 Na6 12. Nc3 a4 13. Bc2 Nc5 14. Be3 d6 15. Bd4
O-O 16. Bxg7 Kxg7 17. O-O Rb8 18. Re1 f6 19. Nd4 Bd7 20. h4 Qe8 21. Na2 h6 22.
Nb4 g5 23. h5 Qc8 24. Qd2 Qe8 25. Bd1 Nc8 26. Nf5+ Kh7 27. Bg4 Nb6 28. Qc2 Bxf5
29. Bxf5+ Kg7 30. Bg6 Qd7 31. Nc6 Nc4 32. Nxb8 Rxb8 33. Rad1 Ne5 34. Bf5 Qe8 35.
Qe2 b4 36. Rb1 Rb6 37. Rec1 Qb8 38. Qd1 Ned3 39. e5 Nxe5 40. g3 Qb7 41. f4 Nf7
42. Qf3 bxa3 43. bxa3 Rb2 44. Re1 Rb3 45. Rxb3 axb3 46. Kg2 b2 47. Rb1 Qb5 48.
Kh3 Na4 49. Qd3 Qb6 50. Be6 Nh8 51. fxg5 hxg5 52. Rf1 Nc5 53. Qf3 f5 54. Qxf5
Nxe6 55. Qf6+ Kh7 56. Qxe6 b1=Q 57. Qe7+ 1-0

[Event "Titled Tue 26th Aug Early"]
[Site "chess.com INT"]
[Date "2025.08.26"]
[Round "3"]
[White "Brozynski, Patryk"]
[Black "Gavarrete, Nahun"]
[Result "1-0"]
[WhiteTitle "CM"]
[BlackTitle "FM"]
[WhiteElo "2121"]
[BlackElo "2281"]
[WhiteFideId "2512700"]
[BlackFideId "8400709"]
[EventDate "2025.08.26"]

1. e4 e5 2. Nf3 Nc6 3. Bb5 Nf6 4. O-O d6 5. d3 Be7 6. c3 O-O 7. Re1 Bg4 8. h3
Bh5 9. Nbd2 a6 10. Ba4 b5 11. Bc2 Re8 12. Nf1 Bf8 13. Ng3 Bg6 14. Nh4 d5 15.
exd5 Qxd5 16. Nxg6 hxg6 17. Ne4 Rad8 18. Bg5 Be7 19. Bxf6 Bxf6 20. Qg4 Qe6 21.
Qxe6 fxe6 22. Bb3 Rxd3 23. Nc5 Rd6 24. Nxa6 Kf7 25. Nxc7 Re7 26. Nxb5 Rd8 27. a4
Rb8 28. Rad1 Na5 29. Ba2 Nc6 30. b4 Kf8 31. Rd6 Nd8 32. Red1 Re8 33. Nc7 Re7 34.
Nxe6+ Nxe6 35. Rxe6 Rc7 36. Rd3 Ra8 37. a5 e4 38. Rxe4 Rxc3 39. Rxc3 Bxc3 40.
Rc4 Bf6 41. g3 Ke7 42. Bb1 g5 43. Be4 Ra7 44. Kg2 Kd6 45. Kf3 Ke5 46. Rc1 Kd4
47. Rc2 Be7 48. Ra2 Bxb4 49. a6 Be7 50. Bb7 Bf6 51. Rd2+ Ke5 52. Re2+ Kd6 53.
Rd2+ Ke7 54. Rc2 Kd6 55. Rc6+ Ke5 56. Rc1 Kd6 57. Rc6+ Ke5 58. Rc7 Kd6 59. Rc8
Bd4 60. Rd8+ Kc5 61. Rxd4 Kxd4 62. Kg4 Ke5 63. Kxg5 Ke6 64. f4 Kf7 65. g4 g6 66.
f5 gxf5 67. Kxf5 Kg7 68. g5 Kf7 69. h4 Kg7 70. h5 Kh7 71. Kf6 Kg8 72. g6 Kh8 73.
h6 Kg8 74. Bd5+ Kh8 75. g7+ Kh7 76. g8=Q+ Kxh6 77. Qh8+ Rh7 78. Qxh7+ Kxh7 79.
a7 Kh6 80. a8=Q Kh5 81. Qa4 Kh6 82. Qh4# 1-0

[Event "Titled Tue 26th Aug Early"]
[Site "chess.com INT"]
[Date "2025.08.26"]
[Round "3"]
[White "Bongo Akanga Ndjila, Barthelemy"]
[Black "Rabin, Evan"]
[Result "0-1"]
[WhiteTitle "CM"]
[WhiteElo "1847"]
[BlackElo "1945"]
[WhiteFideId "10609431"]
[BlackFideId "2028670"]
[EventDate "2025.08.26"]

1. d4 Nf6 2. Nf3 e6 3. e3 b6 4. c4 Bb7 5. Bd3 Be7 6. O-O O-O 7. Nc3 d5 8. cxd5
exd5 9. Ne5 c5 10. f4 Nc6 11. Qf3 cxd4 12. Nxc6 Bxc6 13. exd4 Bb4 14. Qh3 Bxc3
15. bxc3 Ne4 16. a4 Re8 17. Ba3 Bxa4 18. Be7 Qxe7 19. Rxa4 Rac8 20. c4 dxc4 21.
Rxc4 Rxc4 22. Bxc4 Qf6 23. Qe3 Nd6 24. Qd3 Nf5 25. d5 Nd6 26. Bb3 Rc8 27. Bc2 g6
28. f5 Qe5 29. fxg6 hxg6 30. Bd1 Rc3 31. Qd2 Nc4 32. Qf2 f5 33. d6 Qxd6 34. Be2
Qc5 35. Bxc4+ Rxc4 36. Qxc5 Rxc5 37. Ra1 a5 38. Ra2 Rc4 39. Kf2 Rb4 40. Kf3 a4
41. h4 b5 42. g3 Rb3+ 43. Kg2 a3 44. Kh3 b4 45. Rd2 Rb2 46. Rd7 a2 47. h5 gxh5
48. Ra7 b3 49. Kh4 Rb1 50. Kxh5 a1=Q 51. Re7 Qf6 52. Rb7 Rh1# 0-1

[Event "Titled Tue 26th Aug Early"]
[Site "chess.com INT"]
[Date "2025.08.26"]
[Round "3"]
[White "Omariev, Maksim"]
[Black "Svane, Rasmus"]
[Result "0-1"]
[WhiteTitle "FM"]
[BlackTitle "GM"]
[WhiteElo "2304"]
[BlackElo "2619"]
[WhiteFideId "4193423"]
[BlackFideId "4657101"]
[EventDate "2025.08.26"]

1. g4 d5 2. Bg2 Bxg4 3. c4 c6 4. Qb3 Nf6 5. Qxb7 Nbd7 6. Nc3 e6 7. h3 Bh5 8. Nf3
Be7 9. d3 O-O 10. Qxc6 Rc8 11. Qa6 Bxf3 12. Bxf3 Ne5 13. Bg2 dxc4 14. dxc4 Nxc4
15. Qxa7 Nd5 16. Nxd5 exd5 17. O-O Bc5 18. Qb7 Qh4 19. Qxd5 Rfd8 20. Qe4 Qf6 21.
Rb1 Rd4 22. Qb7 Rcd8 23. b3 Nd2 24. Bxd2 Rxd2 25. b4 Bd6 26. Qe4 Rd4 27. Qf3 Qe5
28. Rfd1 Bxb4 29. Rxd4 Qxd4 30. e3 Qd6 31. a4 g6 32. Qc6 Ba5 33. Qxd6 Rxd6 34.
Rb8+ Kg7 35. Ra8 Be1 36. Kf1 Bc3 37. a5 Rd1+ 38. Ke2 Rd2+ 39. Kf3 Ra2 40. Bf1
Be1 41. Bc4 Rxf2+ 42. Ke4 Rc2 43. Kd3 Rd2+ 44. Ke4 Bg3 45. a6 f5+ 46. Kf3 Be1
47. Ra7+ Kf6 48. Rb7 Rf2+ 49. Kg3 Rc2+ 50. Kf3 Rxc4 51. a7 Ra4 52. Ke2 Bc3 53.
Rxh7 Be5 54. h4 Bd6 55. h5 gxh5 56. Rxh5 Rxa7 57. Rh6+ Ke5 58. Kf3 Ra3 59. Rh8
Bc5 60. Re8+ Kf6 61. Kf4 Bd6+ 62. Kf3 Be7 63. Rb8 Bc5 64. Re8 Ra4 65. Kf2 Be7
66. Kf3 Re4 67. Ra8 Re6 68. Ra4 Bc5 0-1

[Event "Titled Tue 26th Aug Early"]
[Site "chess.com INT"]
[Date "2025.08.26"]
[Round "3"]
[White "Amarasinghe, A A C B"]
[Black "Gbiorczyk, Mikolaj"]
[Result "1/2-1/2"]
[WhiteTitle "CM"]
[BlackTitle "CM"]
[WhiteElo "1963"]
[BlackElo "2070"]
[WhiteFideId "9901809"]
[BlackFideId "21080763"]
[EventDate "2025.08.26"]

1. d4 f5 2. g3 Nf6 3. Bg2 g6 4. Nf3 Bg7 5. O-O O-O 6. c4 d6 7. Nc3 c6 8. d5 e5
9. dxe6 Bxe6 10. Qb3 b5 11. Nd4 Bxc4 12. Qc2 Ne4 13. Nxe4 fxe4 14. Rd1 c5 15.
Qxe4 Bxd4 16. Rxd4 cxd4 17. Qxa8 Nd7 18. Qe4 Qf6 19. Bh6 Rc8 20. b3 Bf7 21. Rd1
g5 22. Bh3 Rd8 23. Rxd4 Qxh6 24. Qe7 Qf6 25. Qxd6 Qxd6 26. Rxd6 Be8 27. e4 Kf8
28. f4 gxf4 29. gxf4 Ke7 30. e5 Nf8 31. Ra6 Rd1+ 32. Kf2 Rd2+ 33. Ke3 Rxh2 34.
Rxa7+ Bd7 35. Bf5 Rh4 36. a4 bxa4 37. bxa4 Ne6 38. Bxe6 Kxe6 39. f5+ Kxf5 40.
Rxd7 Rxa4 41. Rxh7 Kxe5 42. Rh5+ Ke6 43. Kd3 Ra3+ 44. Kc4 Ra4+ 45. Kb3 Rg4 46.
Rh6+ Kf5 47. Ra6 Rf4 48. Kc3 Re4 49. Kd3 Rf4 50. Ra5+ Kf6 51. Ra6+ Kf5 52. Ra1
Rf3+ 53. Ke2 Rb3 54. Rf1+ Ke5 55. Kd2 Kd4 56. Rf4+ Ke5 57. Rf8 Kd4 58. Rd8+ Ke5
59. Ra8 Rg3 60. Ra5+ Kd4 61. Ra4+ Kd5 62. Ke2 Rh3 63. Kf2 Rc3 64. Rg4 Rc4 65.
Rg5+ Kd4 66. Rg8 Rc2+ 67. Ke1 Rc3 68. Kd2 Rd3+ 69. Kc2 Rc3+ 70. Kb2 Rd3 71. Rd8+
Ke3 72. Rxd3+ Kxd3 1/2-1/2

[Event "Titled Tue 26th Aug Early"]
[Site "chess.com INT"]
[Date "2025.08.26"]
[Round "3"]
[White "Kosakowski, Jakub"]
[Black "Lai, Duc Minh"]
[Result "1-0"]
[WhiteTitle "GM"]
[WhiteElo "2542"]
[BlackElo "2121"]
[WhiteFideId "1185080"]
[BlackFideId "12420387"]
[EventDate "2025.08.26"]

1. e4 d6 2. d4 Nf6 3. Bd3 e5 4. c3 d5 5. dxe5 Nxe4 6. Nf3 Nc5 7. Be2 Bg4 8. O-O
Nc6 9. Nd4 Bxe2 10. Qxe2 Qd7 11. Be3 Be7 12. Nxc6 Qxc6 13. Nd2 O-O 14. Rad1 Rae8
15. Nf3 Ne6 16. Rd2 Bc5 17. Rfd1 Rd8 18. Bxc5 Qxc5 19. Nd4 Rfe8 20. Nf5 Nf4 21.
Qg4 Ng6 22. h4 h5 23. Qxh5 Rxe5 24. Qg4 Qf8 25. h5 Ne7 26. Ng3 Rd6 27. Re2 Rxe2
28. Qxe2 c6 29. Qe3 a6 30. Qb6 Qc8 31. Re1 Re6 32. Rxe6 fxe6 33. Qe3 Qd7 34. Qe5
Nf5 35. Ne2 Qd6 36. f4 Qxe5 37. fxe5 Ne3 38. Nf4 Kf7 39. Nd3 b6 40. Kf2 Nc4 41.
b3 Nd2 42. Ke3 Nf1+ 43. Kf4 c5 44. g4 Nd2 45. g5 Nb1 46. g6+ Kg8 47. c4 dxc4 48.
bxc4 Nd2 49. Nb2 b5 50. cxb5 axb5 51. a4 bxa4 52. Nxa4 c4 53. Ke3 Nf1+ 54. Kd4
Ng3 55. Nc5 Nxh5 56. Nxe6 Kh8 57. Kxc4 Ng3 58. Kd5 Nf5 59. Ng5 Kg8 60. Ke4 Ne7
61. e6 Nxg6 62. Kd5 Ne7+ 63. Kd6 Nf5+ 64. Kd7 g6 65. Nf3 Kg7 66. Nh4 Nxh4 67. e7 1-0

[Event "Titled Tue 26th Aug Early"]
[Site "chess.com INT"]
[Date "2025.08.26"]
[Round "3"]
[White "Krzywda, Andrzej"]
[Black "Sai, Han Thiha"]
[Result "1-0"]
[WhiteTitle "CM"]
[BlackTitle "FM"]
[WhiteElo "2149"]
[BlackElo "2117"]
[WhiteFideId "1114565"]
[BlackFideId "13012290"]
[EventDate "2025.08.26"]

1. e4 c6 2. d4 d5 3. e5 c5 4. Nf3 cxd4 5. Qxd4 Nc6 6. Qf4 e6 7. Bd3 Nb4 8. Bd2
Nxd3+ 9. cxd3 Ne7 10. Nc3 Bd7 11. O-O Rc8 12. Rac1 h6 13. h4 Nf5 14. h5 Be7 15.
Ne2 Rxc1 16. Rxc1 O-O 17. Ned4 Nxd4 18. Qxd4 Qb8 19. Bb4 Bxb4 20. Qxb4 Rc8 21.
Rc3 Rxc3 22. Qxc3 Qc8 23. Qxc8+ Bxc8 24. Nd4 Bd7 25. f4 Kf8 26. Kf2 Ke7 27. g4
f6 28. Ke3 Be8 29. Nf3 f5 30. gxf5 Bxh5 31. Nd4 Bg4 32. fxe6 g6 33. Nb5 a6 34.
Nc7 Bxe6 35. Nxe6 Kxe6 36. d4 Kf5 37. Kf3 a5 38. Kg3 a4 39. Kh4 b6 40. Kg3 h5
41. Kh4 b5 42. a3 Ke6 43. Kg5 Ke7 44. f5 gxf5 45. Kxf5 Kf7 46. Kg5 Ke6 47. Kxh5
Kf5 48. Kh6 Ke6 49. Kg6 Ke7 50. Kf5 Kf7 51. e6+ Ke7 52. Ke5 Ke8 53. Kxd5 Ke7 54.
Ke5 Ke8 55. d5 Kd8 56. d6 Ke8 57. e7 Kd7 58. Kd5 Ke8 59. Ke6 b4 60. d7# 1-0

[Event "Titled Tue 26th Aug Early"]
[Site "chess.com INT"]
[Date "2025.08.26"]
[Round "3"]
[White "Dicen, Elis Denele"]
[Black "Pavlov, Nikolay"]
[Result "0-1"]
[WhiteTitle "WFM"]
[BlackTitle "FM"]
[WhiteElo "2069"]
[BlackElo "2316"]
[WhiteFideId "462560"]
[BlackFideId "24141470"]
[EventDate "2025.08.26"]

1. e4 c5 2. Nc3 Nc6 3. g3 g6 4. Bg2 Bg7 5. Nge2 d6 6. d3 e5 7. O-O Nge7 8. Be3
Nd4 9. f4 O-O 10. Qd2 Rb8 11. Nd1 b5 12. c3 Nxe2+ 13. Qxe2 exf4 14. Bxf4 Be6 15.
Qd2 Qd7 16. Bh6 b4 17. Bxg7 Kxg7 18. Ne3 a5 19. Rf2 a4 20. Raf1 Bxa2 21. c4 Bb3
22. d4 Qa7 23. Ng4 Ng8 24. Qf4 Bxc4 25. Rc1 Bb3 26. Qxd6 Rfd8 27. Qe5+ Kf8 28.
dxc5 Qe7 29. Qf4 Rbc8 30. c6 Qd6 31. Ne5 Rc7 32. Rcf1 Kg7 33. Rc1 Re8 34. Ng4
Qxf4 35. gxf4 h5 36. Ne3 Ne7 37. Nd5 Rxc6 38. Rxc6 Nxc6 39. Rd2 Rd8 40. Kf2 Bxd5
41. exd5 Rd6 42. Ke3 Ne7 43. Rd4 Nf5+ 44. Kd3 Nxd4 45. Kxd4 Kf6 46. Kc4 a3 47.
bxa3 bxa3 48. Kb3 Kf5 49. Kxa3 Kxf4 50. Kb4 Ke5 51. Kc5 Rf6 52. h3 g5 53. Bh1
Rf1 54. Bg2 Rf2 55. Bh1 Rc2+ 56. Kb6 Rd2 57. Kc6 f5 58. Bf3 g4 59. hxg4 hxg4 60.
Bh1 f4 61. Kc5 f3 62. Kc4 Rxd5 0-1

[Event "Titled Tue 26th Aug Early"]
[Site "chess.com INT"]
[Date "2025.08.26"]
[Round "3"]
[White "Cai, Chaoruo"]
[Black "Banzea, Alexandru-Bogdan"]
[Result "0-1"]
[WhiteTitle "CM"]
[BlackTitle "IM"]
[WhiteElo "2274"]
[BlackElo "2394"]
[WhiteFideId "8618402"]
[BlackFideId "1232622"]
[EventDate "2025.08.26"]

1. d4 Nf6 2. Nf3 g6 3. c3 Bg7 4. g3 d6 5. Bg2 O-O 6. O-O c5 7. dxc5 dxc5 8. Nbd2
Nc6 9. Nb3 Nd7 10. Be3 b6 11. Nfd4 cxd4 12. Bxc6 dxe3 13. Bxa8 exf2+ 14. Rxf2
Qc7 15. Bf3 h5 16. Qc2 h4 17. Rg2 hxg3 18. hxg3 Ne5 19. Be4 Ng4 20. Qd3 Qe5 21.
Qd4 Qh5 22. Qd5 Qxd5 23. Bxd5 Ne3 24. Bf3 Nxg2 25. Kxg2 Rd8 26. Kf2 Be6 27. Ke1
a5 28. Nd2 b5 29. Nf1 b4 30. Rd1 Rxd1+ 31. Kxd1 bxc3 32. bxc3 Bxc3 33. Kc2 Be5
34. a4 f5 35. Kd2 Bd7 36. Bd5+ Kg7 37. Bb3 Kf6 38. Ke3 g5 39. Kf2 g4 40. Nd2
Bd4+ 41. e3 Bc5 42. Nc4 Bb4 43. Nb2 Be6 44. Nc4 Bd7 45. Nb2 e5 46. Nd3 Bd6 47.
Nb2 Be6 48. Nc4 Bb4 49. Ke2 Bf7 50. Kd3 Bd5 51. Nxa5 Be4+ 52. Ke2 Bxa5 53. Bc4
Bb4 54. Bb5 Ke7 55. Bc4 Kd6 56. Bb5 Kc5 57. Bd7 Kc4 58. Be6+ Kc3 59. Bd7 Ba5 60.
Be6 Bb6 0-1

[Event "Titled Tue 26th Aug Early"]
[Site "chess.com INT"]
[Date "2025.08.26"]
[Round "3"]
[White "Ibarra Jerez, Jose Carlos"]
[Black "Aghasiyev, Kamal"]
[Result "1-0"]
[WhiteTitle "GM"]
[BlackTitle "IM"]
[WhiteElo "2545"]
[BlackElo "2441"]
[WhiteFideId "2226332"]
[BlackFideId "13402854"]
[EventDate "2025.08.26"]

1. e4 e5 2. Nf3 Nc6 3. Nc3 Nf6 4. Nd5 Nxd5 5. exd5 e4 6. dxc6 exf3 7. Qxf3 bxc6
8. b3 Qe7+ 9. Be2 Qe5 10. Rb1 d5 11. O-O Bd6 12. g3 O-O 13. Bd3 Bh3 14. Bb2 Qg5
15. Rfe1 Rfe8 16. Bc3 Bg4 17. Qg2 Qh5 18. Bf1 c5 19. h3 Bf3 20. g4 Bxg2 21. gxh5
Bxf1 22. Kxf1 d4 23. Ba5 f5 24. d3 Kf7 25. Bd2 Kf6 26. Rxe8 Rxe8 27. Kg2 Re2 28.
Rd1 Re6 29. Kf3 g5 30. hxg6 hxg6 31. Rg1 Re8 32. Bg5+ Kf7 33. Rc1 Re6 34. c3 Re8
35. cxd4 cxd4 36. Rc4 c5 37. Ra4 Ra8 38. Ra6 Bf8 39. Rf6+ Kg7 40. Rc6 Kf7 41. h4
a5 42. Rf6+ Kg7 43. Rb6 a4 44. Rb7+ Kg8 45. Bf6 axb3 46. axb3 Ra2 47. Be5 Rd2
48. Kg3 Rxd3+ 49. f3 Re3 50. Bf4 Re6 51. Rb8 Kf7 52. Rb7+ Kg8 53. Rb8 Kf7 54.
Rb7+ Ke8 55. Bg5 Bd6+ 56. Kf2 d3 57. Kf1 Re2 58. Rb6 Kd7 59. Rb7+ Kc6 60. Rg7
Re6 61. Bd2 Kd5 62. Rh7 Re2 63. Bg5 Rb2 64. Ke1 Bg3+ 65. Kd1 Be5 66. Rd7+ 1-0

[Event "Titled Tue 26th Aug Early"]
[Site "chess.com INT"]
[Date "2025.08.26"]
[Round "3"]
[White "Zakarian, David"]
[Black "Krsnik Cohar, Ivan Vihor"]
[Result "0-1"]
[WhiteTitle "FM"]
[BlackTitle "FM"]
[WhiteElo "2301"]
[BlackElo "2362"]
[WhiteFideId "13301276"]
[BlackFideId "14520044"]
[EventDate "2025.08.26"]

1. d4 d5 2. c4 Bf5 3. Nc3 e6 4. cxd5 exd5 5. Bf4 c6 6. e3 Bd6 7. Bxd6 Qxd6 8.
Bd3 Bg6 9. Nf3 Nd7 10. O-O Ngf6 11. Rb1 O-O 12. Bxg6 hxg6 13. b4 a6 14. a4 Rfe8
15. Qd3 Ne4 16. b5 axb5 17. axb5 Ra3 18. Rfc1 f5 19. bxc6 bxc6 20. Nd2 Ndf6 21.
Ncxe4 fxe4 22. Qe2 Rea8 23. Nb3 Ra2 24. Rc2 Ng4 25. g3 Rxc2 26. Qxc2 Rf8 27. Rf1
g5 28. Qe2 Nh6 29. Qh5 Rf5 30. Nc5 g4 31. Qe8+ Kh7 32. Rb1 Qf6 33. Nd7 Qf7 34.
Qxf7 Nxf7 35. Rb6 Ng5 36. Rb2 Nf3+ 37. Kf1 Nxh2+ 38. Kg2 Nf3 39. Rb1 Kg6 40. Nb8
Rf6 41. Rc1 Kh7 42. Nxc6 Ne1+ 43. Rxe1 Rxc6 44. Rh1+ Kg6 45. Rh4 Kg5 46. Rh7 Kg6
47. Rh8 Rd6 48. Rf8 Kg5 49. Kf1 g6 50. Ke2 Rd7 51. Kf1 Rd6 52. Ke2 Rd7 53. Kd2
Rd6 54. Rc8 Rd7 55. Rc5 Kh6 56. Ke2 Rd6 57. Kf1 Rd7 58. Rc6 Rd8 59. Re6 Rd7 60.
Re5 Rd8 61. Ke2 Rd7 62. Kd2 Rd8 63. Ke1 Kg7 64. Kf1 Kf6 65. Kg2 Kf7 66. Rg5 Kf6
67. Rxg4 g5 68. f3 exf3+ 69. Kxf3 Ra8 70. e4 Ra3+ 71. Kg2 Ra4 72. exd5 Kf5 73.
Kh3 Ra8 74. d6 Rh8+ 75. Rh4 gxh4 76. gxh4 Rh6 77. d7 Rd6 78. h5 Rxd4 79. h6 Kg6
80. Kg3 Rxd7 0-1

[Event "Titled Tue 26th Aug Early"]
[Site "chess.com INT"]
[Date "2025.08.26"]
[Round "3"]
[White "Ozcan, Kaan"]
[Black "Atzl, Florian"]
[Result "1-0"]
[WhiteTitle "FM"]
[BlackTitle "CM"]
[WhiteElo "2223"]
[BlackElo "2146"]
[WhiteFideId "34566422"]
[BlackFideId "1635891"]
[EventDate "2025.08.26"]

1. d4 Nf6 2. Bg5 Ne4 3. Bf4 c5 4. f3 Nf6 5. dxc5 e6 6. Bd6 Qa5+ 7. c3 Nd5 8.
Bxf8 Kxf8 9. e4 Ne3 10. Qd6+ Ke8 11. Bd3 Na6 12. Kf2 Nd1+ 13. Kg3 Nxb2 14. Bxa6
Qxa6 15. Qxa6 bxa6 16. Nd2 Na4 17. Nb3 Nxc3 18. Rc1 Nb5 19. Ne2 Bb7 20. Rhd1 Ke7
21. Na5 Bc6 22. a4 Nc7 23. Nxc6+ dxc6 24. Rd6 Rhd8 25. Rxc6 Rac8 26. Nf4 Rd2 27.
e5 Rd4 28. Rb1 Rxf4 29. Rxc7+ Rxc7 30. Kxf4 Kd7 31. Rd1+ Kc6 32. Rd6+ Kxc5 33.
Rxa6 Kd5 34. Ra5+ Kd4 35. Kg3 h6 36. f4 Kc4 37. Kg4 Kb4 38. Ra6 Kc5 39. g3 Kd5
40. h4 Ke4 41. Rd6 Ke3 42. h5 Kf2 43. Rd3 Rc4 44. Ra3 a5 45. Kh3 Rb4 46. Ra2+
Ke3 47. Kg4 Kd4 48. Rc2 Rb7 49. Rd2+ Kc4 50. f5 exf5+ 51. Kxf5 Kb3 52. Rd4 Rb4
53. Rd7 Rxa4 54. Rxf7 Ra1 55. Rxg7 Rf1+ 56. Kg6 a4 57. Kxh6 a3 58. Ra7 a2 59. e6
Rf6+ 60. Kg7 Rxe6 61. h6 Re7+ 62. Rxe7 a1=Q+ 63. Kg8 Qa8+ 64. Kh7 Qf8 65. Rg7
Kc4 66. g4 Kd5 67. g5 Ke6 68. g6 Qa8 69. Rg8 Qb7+ 70. Rg7 Qc8 71. Rf7 Qe8 72.
Kg7 Ke5 73. h7 Qa8 74. h8=Q Qa1 75. Kg8+ Ke4 76. Qxa1 Ke3 77. Rb7 Ke2 78. Rb2+
Kd3 79. Qa3+ Kc4 80. Rb4+ Kc5 81. Qa5+ Kd6 82. Rb6+ Kd7 83. Qa7+ Kc8 84. Rb8# 1-0

[Event "Titled Tue 26th Aug Early"]
[Site "chess.com INT"]
[Date "2025.08.26"]
[Round "3"]
[White "Dubnevych, Maksym"]
[Black "Mummana Venkata Ruthvik"]
[Result "0-1"]
[WhiteTitle "FM"]
[BlackTitle "CM"]
[WhiteElo "2296"]
[BlackElo "2237"]
[WhiteFideId "14184001"]
[BlackFideId "25697307"]
[EventDate "2025.08.26"]

1. Nc3 d5 2. e4 dxe4 3. Nxe4 Nf6 4. Nxf6+ exf6 5. d4 Bd6 6. Bd3 O-O 7. Ne2 Re8
8. O-O Nd7 9. Be3 Nf8 10. c4 c6 11. Qd2 Ng6 12. Rad1 Qc7 13. Ng3 Bg4 14. f3 Bd7
15. Bf2 Bf4 16. Qc3 Be3 17. Bxg6 Bxf2+ 18. Rxf2 hxg6 19. Qd2 f5 20. Ne2 Re7 21.
Nc3 Rae8 22. d5 Re3 23. c5 Qa5 24. Qd4 cxd5 25. b4 Qa3 26. Nxd5 Re1+ 27. Rf1
Rxf1+ 28. Rxf1 Qxa2 29. Nc3 Qe6 30. Rd1 Qe3+ 31. Qxe3 Rxe3 32. Nd5 Re5 33. Nf6+
gxf6 34. Rxd7 a5 35. Rxb7 axb4 36. c6 Rc5 37. c7 Kg7 38. Kf2 b3 39. Kg3 b2 40.
c8=Q Rxc8 41. Rxb2 Rc3 42. Rb5 Rc4 43. h4 Rc2 44. Kh3 Rc1 45. Rb6 Rh1+ 46. Kg3
f4+ 47. Kg4 f5+ 48. Kg5 Rh2 49. Rb2 f6+ 50. Kxf4 Rxh4+ 51. Kg3 Rd4 52. Rb7+ Kh6
53. Rb8 g5 54. Rh8+ Kg6 55. Rg8+ Kf7 56. Ra8 Rb4 57. Ra7+ Kg6 58. Kh3 Rb2 59.
Kg3 f4+ 60. Kh3 Rb1 61. Kh2 Rd1 62. Ra6 Rd7 63. Ra5 Rh7+ 64. Kg1 Re7 65. Kh2 Re6
66. Ra8 f5 67. Rg8+ Kh5 68. Ra8 g4 69. Rh8+ Kg5 70. Rg8+ Rg6 71. Rf8 g3+ 72. Kg1
Ra6 73. Kf1 Ra1+ 74. Ke2 Ra2+ 75. Kf1 Ra1+ 76. Ke2 Rg1 77. Rg8+ Kf6 78. Rf8+ Ke6
79. Re8+ Kf7 80. Ra8 Rxg2+ 81. Ke1 Rb2 82. Ra3 g2 0-1

[Event "Titled Tue 26th Aug Early"]
[Site "chess.com INT"]
[Date "2025.08.26"]
[Round "3"]
[White "Nurgaliyev, Sauat"]
[Black "Jasinski, Alexander"]
[Result "1-0"]
[WhiteTitle "IM"]
[WhiteElo "2410"]
[BlackElo "2063"]
[WhiteFideId "13726285"]
[BlackFideId "55627994"]
[EventDate "2025.08.26"]

1. e4 c5 2. Nf3 d6 3. d4 cxd4 4. Nxd4 Nf6 5. Nc3 Nc6 6. Bg5 e6 7. Qd2 a6 8.
O-O-O Bd7 9. f3 Nxd4 10. Qxd4 Be7 11. Kb1 Qc7 12. h4 b5 13. g4 h5 14. gxh5 Nxh5
15. Bxe7 Kxe7 16. Rg1 Rab8 17. Qd2 b4 18. Ne2 a5 19. Qg5+ f6 20. Qd2 a4 21. Nf4
Nxf4 22. Qxf4 Rbg8 23. e5 dxe5 24. Qxb4+ Kf7 25. Bd3 f5 26. Rg5 Rb8 27. Qd2 a3
28. b3 Rxh4 29. Rdg1 Rh7 30. Bc4 Kf8 31. Rxf5+ exf5 32. Qd5 Be8 33. Qg8+ Ke7 34.
Qe6+ Kf8 35. Qxf5+ Bf7 36. Bxf7 Rh6 37. Bg6+ Kg8 38. Qd3 Rd8 39. Qe3 Kh8 40. Bd3
Qe7 41. Qc1 Qc5 42. Rd1 Rh2 43. Rh1 Qf2 44. Rxh2+ Qxh2 45. Qxa3 Qg1+ 46. Qc1 Qd4
47. a4 Kg8 48. Bc4+ Kf8 49. Qg5 Qd1+ 50. Kb2 Qd4+ 51. Ka2 Qd6 52. Qf5+ Qf6 53.
Qh7 Ke7 54. Qe4 Rd4 55. Qb7+ Rd7 56. Qb4+ Qd6 57. Qe1 Qd4 58. Qb4+ Qd6 59. Qb5
Qd4 60. Qc6 Qc3 61. Qe6+ Kd8 62. Qf5 Rd2 63. Bd3 Rd1 64. Qf8+ Kc7 65. Qxg7+ Kd6
66. Qf6+ Kd7 67. Bb5+ Kc7 68. Qe7+ Kb6 69. Qe6+ Kb7 70. Qa6+ Kb8 71. Qb6+ Kc8
72. Qc6+ Qxc6 73. Bxc6 Kc7 74. Be4 Kb6 75. Ka3 Ka5 76. b4+ Kb6 77. a5+ Kb5 78.
Bd3+ Kc6 79. Kb3 Rd2 80. Kc4 Rf2 81. Be4+ Kc7 82. Kb5 Rd2 83. c4 Rb2 84. c5 Kb8
85. a6 Ra2 86. Kb6 Ra3 87. b5 Ra2 88. c6 Ra3 89. c7+ Kc8 90. Bf5# 1-0

[Event "Titled Tue 26th Aug Early"]
[Site "chess.com INT"]
[Date "2025.08.26"]
[Round "4"]
[White "Grutter, Tim"]
[Black "Ljukin, Sergei"]
[Result "1-0"]
[WhiteTitle "IM"]
[BlackTitle "FM"]
[WhiteElo "2402"]
[BlackElo "2362"]
[WhiteFideId "1057472"]
[BlackFideId "14102200"]
[EventDate "2025.08.26"]

1. a3 e5 2. g3 d5 3. Bg2 Nc6 4. d3 Bg4 5. h3 Be6 6. b4 f6 7. Bb2 Bd6 8. Nd2 Nge7
9. c4 Qd7 10. c5 Ng6 11. cxd6 cxd6 12. Rc1 d4 13. Qa4 d5 14. Nb3 Nge7 15. Nc5 1-0

[Event "Titled Tue 26th Aug Early"]
[Site "chess.com INT"]
[Date "2025.08.26"]
[Round "4"]
[White "Lortkipanidze, Nodar"]
[Black "Almedina Ortiz, Edgardo J."]
[Result "1-0"]
[WhiteTitle "IM"]
[BlackTitle "FM"]
[WhiteElo "2359"]
[BlackElo "2210"]
[WhiteFideId "13604058"]
[BlackFideId "3100197"]
[EventDate "2025.08.26"]

1. e4 c6 2. Nc3 d5 3. Nf3 dxe4 4. Nxe4 Nf6 5. Qe2 Na6 6. Nxf6+ gxf6 7. c3 Qd5 8.
g3 Bg4 9. Bg2 Nc5 10. d4 Ne6 11. h3 Bf5 12. Nh4 Qa5 13. b4 Nxd4 14. bxa5 Nxe2
15. Nxf5 Nxc3 16. a6 1-0